000 01050nam0a22003371 4500
001 v19\rc\1838992
005 20250619142753.0
035 _a(NLR Aleph) 004932952
090 _a5699362
_c5699362
100 _a20071224d1908 |||y0rusy50 ca
101 0 _arus
102 _aRU
105 _ac z |||||
200 1 _aПамяти Григория Антоновича Захарьина
_f[Л.]
210 _aМосква
_cтип. К.Л. Меньшова
_d1908
215 _a16 с., 1 л. портр.
_d20
300 _aАвт. указан в конце текста
701 0 _aЛ.
702 1 _4570
_7ca
_8rus
_aЗахарьин
_bГ. А.
_f1829-1898
_gГригорий Антонович
_9241717
_3RU\NLR\AUTH\770241773
801 0 _aRU
_bNLR
_gpsbo
801 0 _aRU
_bRuMoRGB
_2psbo
801 1 _aRU
_bProSoft-M
_2rusmarc
852 _aNLR
_j34.84.4.403
899 _aRuMoRGB
_jU 25/2567
899 _aRuMoRGB
_jU 247/1837
899 _aБАН
899 _aГПИБ
899 _aНБ МГУ
942 _cBOOK
980 _aNB